00479nam a22001097a 4500008004100000020001400041100002000055245019000075260005700265300001500322650003200337200408b ||||| |||| 00| 0 eng d a0856-4181 aJAMBIYA, George aPoverty and the EnvironmentbThe case of inform sand-mining quarrying and lime-making activities in Dar es salaam TanzaniacGeorge Jambiya Kassim Kulindwa and Hussein SoswelehEnglish aDar Es SalaambResearch on Poverty Alleviationc1997 a79p.c15cm 2Poverty and the Environment